000 00372nam a2200145 i 4500
001 bg
100 1 _aJakowluk, Anatoliusz
_d(1929- ).
245 0 _aMechanika ośrodków ciągłych /
_cA. Jakowluk, T. Breczko.
260 _aBiałystok,
_c1985.
700 1 _aBreczko, Teodor.
040 _cBPK
041 _apol
942 _cKS
008 s pl f |000 0 pol
999 _c2622
_d2622
856 _uhttp://koha.tu.koszalin.pl/cgi-bin/koha/opac-detail.pl?biblionumber=2622
_yKatalog online BPK